00559nam a22001817a 4500003001100000005001700011008004100028020001800069040003900087041000800126082001600134245006300150260006300213300001700276490001500293650004500308650002400353LK-CoMWRAF20231031135808.0231031b2009 |||||||| |||| 00| 0 eng d a9789556250336 aLK-CoMWRAFdLK-CoMWRAFeLK-CoMWRAF aeng a340.59bBOA aThe Board of quazis' law reports-with a digest (2005-2006) aColombo :bMuslim women's research and action forum,c2009 a147p. : 21cm aVolume iii aMuslim women's research and action forum aQuazis' Law reports